• 首页
  • 本馆介绍
  • 公告通知
  • 最新文献
  • 馆藏检索
  • 电子资源
  • 读者导购
  • 参考咨询
  • 我的图书馆
  • 登录
  • 详细信息显示
  • 放入我的书架
  • 预约/预借图书
  • 作者相关作品
  • 分类相关作品
  • 丛书相关作品
  • 出版社相关作品

书目信息

  • 表格格式
  • 工作单格式
  • 卡片格式
题名:
我杀死了张作霖
    
 
作者: 河本大作 著 ;陈鹏仁 译
分册:  
出版信息: 长春   吉林文史出版社  1986
页数: 163页
开本: 19cm
丛书名:
单 册:
中图分类: K264.1 , I247.53
科图分类:
主题词: 侵华事件--日本--1928 , 侵华事件 , 皇姑屯事件--1928 , 皇姑屯事件 , 小说--中国
电子资源:
ISBN:
000 00874nam0 2200313 450
001 1547538730
005 20170928094231.37
010    @dCNY0.95
091    @a11437.20
100    @a19930914d1986 emky0chiy0110 ea
101 1  @achi@cjpn
102    @aCN@b220000
105    @ay z 000yd
200 1  @a我杀死了张作霖@9wo sha si le zhang zuo lin@f(日)河本大作著@g陈鹏仁译
210    @a长春@c吉林文史出版社@d1986
215    @a163页@d19cm
600  0 @a张作霖@f(1875~1928)@x生平事迹
600  0 @2CT@3S093667@a张作霖@f(1875~1928)
606 0  @a侵华事件@y日本@z1928
606 0  @a侵华事件
606 0  @a皇姑屯事件@z1928
606 0  @a皇姑屯事件
606 0  @a小说@x中国
690    @aK264.1@v5
690    @aI247.53@v4
701  0 @a河本大作@9he ben da zuo@4著
702  0 @a陈鹏仁@9chen peng ren@4译
801  0 @aCN@bTSSF@c20150120
905    @aZUCC@dI247.53@eJY5
    
    我杀死了张作霖/(日)河本大作著/陈鹏仁译.-长春:吉林文史出版社,1986
    163页;19cm
    
    
    ISBN :CNY0.95
    
●
相关链接 在E读中查询图书 在五车中查询图书 在当当中查询图书 在豆瓣中查询图书


正题名:我杀死了张作霖     索取号:I247.53/JY5         预约/预借

序号 登录号 条形码 馆藏地/架位号 状态 备注
1 7836454   278364547   学院路分馆/ [索取号:I247.53/JY5] 在馆    
2 7836455   278364556   学院路分馆/ [索取号:I247.53/JY5] 在馆    
3 7836456   278364565   学院路分馆/ [索取号:I247.53/JY5] 在馆    
4 7836457   278364574   学院路分馆/ [索取号:I247.53/JY5] 在馆    
唐山师范学院图书馆 欢迎您!
大连网信软件有限公司© 版权所有